Lanean...

Complete poetry and collected prose

Xehetasun bibliografikoak
Egile nagusia: Whitman, Walt
Formatua: Printed Book
Argitaratua: New York, The Library of America 1982
Gaiak:
LEADER 004840000a22001570004500
020 |a 0-5212-6215-1 
082 |a 811 WHI 08 M2 
100 |a Whitman, Walt 
245 |a Complete poetry and collected prose 
260 |a New York, The Library of America 
260 |c 1982 
465 |a P 7.95 
650 |a Poetry 
942 |c BK 
999 |c 11455  |d 11455 
952 |0 0  |1 0  |4 0  |6 811_WHI_080000000000000_M2  |7 0  |8 ENG  |9 11251  |a MGUL  |b MGUL  |d 2013-07-16  |e P 7.95  |l 0  |o 811 WHI 08 M2  |p 06666  |r 2013-07-16  |w 2013-07-16  |y BK